[Event "1516LLO"]
[Site "Mecklenburg-Vorpommern"]
[Date "2015.10.11"]
[Round "2.6"]
[White "Ehmann, Roland"]
[Black "Martau, Valentin"]
[Result "1/2-1/2"]
[WhiteElo "1554"]
[BlackElo "1376"]
[PlyCount "132"]
[EventType "team-tourn"]
[EventRounds "9"]
[EventCountry "GER"]
[SourceDate "2015.09.20"]
[WhiteTeam "SV Waterkant Saal"]
[BlackTeam "SG Neubrandenburg III"]
[WhiteTeamCountry "GER"]
[BlackTeamCountry "GER"]

1. d4 d5 2. Nf3 Nc6 3. g3 Nf6 4. Bg2 e6 5. O-O Bd6 6. Re1 h6 7. c3 O-O 8. b4
Bd7 9. Qd3 Qe7 10. Nbd2 e5 11. e4 dxe4 12. Nxe4 Bf5 13. d5 Bxe4 14. Rxe4 Nxe4
15. Qxe4 f5 16. Qc2 Nd8 17. Nh4 Qf6 18. Bh3 f4 19. Bb2 c6 20. c4 Bxb4 21. Ng6
fxg3 22. hxg3 Re8 23. Bd7 Nf7 24. Bxe8 Rxe8 25. Nf4 Ng5 26. Kg2 Qf7 27. Nd3
Qf3+ 28. Kh2 Ba5 29. Nxe5 Qh5+ 30. Kg1 Nf3+ 31. Nxf3 Qxf3 32. Qg6 Qf7 33. Qxf7+
Kxf7 34. d6 Bb4 35. d7 Rf8 36. Rd1 Be7 37. Rd3 Rd8 38. Be5 Ke6 39. Bxg7 h5 40.
Rb3 Rxd7 41. Bh6 Kf5 42. Rf3+ Kg6 43. Bf8 Bxf8 44. Rxf8 b5 45. Rc8 Rd6 46. c5
Re6 47. Ra8 Re5 48. Rxa7 Rxc5 49. Kg2 Rc2 50. Kf3 Kf5 51. Rf7+ Ke5 52. Rh7 Rxa2
53. Rxh5+ Kd4 54. Rh4+ Kd3 55. Re4 Ra4 56. Re3+ Kd4 57. g4 b4 58. Re4+ Kd5 59.
g5 Ra3+ 60. Kf4 b3 61. g6 b2 62. g7 Ra8 63. Rb4 Rg8 64. Rxb2 Rxg7 65. Rd2+ Kc4
66. Rc2+ Kd5 1/2-1/2

[Event "1516LLO"]
[Site "Mecklenburg-Vorpommern"]
[Date "2015.10.11"]
[Round "2.7"]
[White "Zabka, Christian"]
[Black "Nickel, Udo"]
[Result "0-1"]
[WhiteElo "1269"]
[BlackElo "1662"]
[PlyCount "46"]
[EventType "team-tourn"]
[EventRounds "9"]
[EventCountry "GER"]
[SourceDate "2015.09.20"]
[WhiteTeam "SG Neubrandenburg III"]
[BlackTeam "SV Waterkant Saal"]
[WhiteTeamCountry "GER"]
[BlackTeamCountry "GER"]

1. Nf3 Nf6 2. d4 d5 3. c4 e6 4. Nc3 Be7 5. Qc2 O-O 6. e4 dxe4 7. Nxe4 Nxe4 8.
Qxe4 f5 9. Qe3 Bb4+ 10. Bd2 Nc6 11. b3 a5 12. d5 exd5 13. O-O-O Qf6 14. Kb1 f4
15. Qd3 Bf5 16. Bxb4 Bxd3+ 17. Rxd3 Nxb4 18. Rd2 a4 19. cxd5 axb3 20. Bc4 bxa2+
21. Rxa2 Nxa2 22. d6+ Kh8 23. d7 Nb4 0-1

[Event "1516LLO"]
[Site "Mecklenburg-Vorpommern"]
[Date "2015.10.11"]
[Round "2.1"]
[White "Voelsgen, Georg"]
[Black "Kalhorn, Stefan"]
[Result "0-1"]
[WhiteElo "1994"]
[BlackElo "2051"]
[PlyCount "62"]
[EventType "team-tourn"]
[EventRounds "9"]
[EventCountry "GER"]
[SourceDate "2015.09.20"]
[WhiteTeam "SV Gryps"]
[BlackTeam "Greifswalder SV II "]
[WhiteTeamCountry "GER"]
[BlackTeamCountry "GER"]

1. e4 e5 2. Nf3 Nc6 3. Bc4 Bc5 4. c3 Nf6 5. d3 a6 6. Bg5 h6 7. Bh4 d6 8. Nbd2
O-O 9. Nf1 Be6 10. Bb3 g5 11. Nxg5 hxg5 12. Bxg5 Nxe4 13. dxe4 Qxg5 14. Ng3 Kg7
15. h4 Qg4 16. Qd3 Rh8 17. Bd1 Qf4 18. Bf3 Rag8 19. Ne2 Qh6 20. b4 Bb6 21. a4
Kf8 22. a5 Ba7 23. b5 axb5 24. Qxb5 Nd8 25. a6 bxa6 26. Qxa6 Bb6 27. Qa8 Ke7
28. Ng3 Qf4 29. Ne2 Qh6 30. Ng3 Rxg3 31. fxg3 Qe3+ 0-1

[Event "1516LLO"]
[Site "Mecklenburg-Vorpommern"]
[Date "2015.10.11"]
[Round "2.2"]
[White "Schwahn, Christian"]
[Black "Windjaeger, Gerd"]
[Result "1-0"]
[WhiteElo "1963"]
[BlackElo "1939"]
[PlyCount "83"]
[EventType "team-tourn"]
[EventRounds "9"]
[EventCountry "GER"]
[SourceDate "2015.09.20"]
[WhiteTeam "Greifswalder SV II "]
[BlackTeam "SV Gryps"]
[WhiteTeamCountry "GER"]
[BlackTeamCountry "GER"]

1. e4 {[%emt 0:00:00]} e6 2. d3 d5 3. Nd2 Nf6 4. Ngf3 b6 5. e5 Nfd7 6. g3 c5 7.
Bg2 Nc6 8. O-O Ndxe5 9. Nxe5 Nxe5 10. Re1 Nd7 11. Bxd5 Rb8 12. Bg2 Nf6 13. Ne4
Nxe4 14. Bxe4 Bb7 15. Qh5 Qd7 16. Bf4 Bd6 17. Bxd6 Qxd6 18. Rad1 Bxe4 19. dxe4
Qc7 20. e5 O-O 21. Rd6 Rfd8 22. Red1 Rxd6 23. exd6 Qc6 24. Qe5 Rd8 25. h4 Qd7
26. Qe4 f6 27. f4 Re8 28. Kf2 e5 29. f5 Kf8 30. g4 Rc8 31. Qd5 Re8 32. h5 Qf7
33. d7 Rd8 34. Qd6+ Qe7 35. Qc7 e4 36. Ke3 Kg8 37. Rd5 g6 38. hxg6 hxg6 39.
fxg6 Qf8 40. Kxe4 Qe7+ 41. Kf5 Kg7 42. Qh2 1-0

[Event "1516LLO"]
[Site "Mecklenburg-Vorpommern"]
[Date "2015.10.11"]
[Round "2.3"]
[White "Wagner, Swenja"]
[Black "Nauschuetz, Ernst"]
[Result "0-1"]
[WhiteElo "1709"]
[BlackElo "1853"]
[PlyCount "82"]
[EventType "team-tourn"]
[EventRounds "9"]
[EventCountry "GER"]
[SourceDate "2015.09.20"]
[WhiteTeam "SV Gryps"]
[BlackTeam "Greifswalder SV II "]
[WhiteTeamCountry "GER"]
[BlackTeamCountry "GER"]

1. e4 c5 2. Nf3 g6 3. d4 cxd4 4. Nxd4 Nc6 5. Nc3 Bg7 6. Be3 Nf6 7. Bc4 O-O 8.
f3 Qb6 9. Bb3 Nxe4 10. fxe4 Bxd4 11. Bxd4 Qxd4 12. Qf3 d6 13. Rd1 Qb6 14. Nd5
Qa5+ 15. c3 Be6 16. O-O Rae8 17. Rd2 Qc5+ 18. Kh1 Na5 19. Ba4 b5 20. b4 Qc6 21.
Bxb5 Qxb5 22. Nc7 Qd7 23. Nxe8 Nc4 24. Nf6+ exf6 25. Rd4 Qa4 26. Qe2 Rc8 27.
Rxf6 Ne5 28. Rxd6 Rxc3 29. h3 Qxb4 30. Rd2 Kg7 31. Rf2 Bc4 32. Qd1 Bd3 33. Qe1
Qc4 34. Kh2 Bxe4 35. Rfe2 f5 36. Qh4 Qc7 37. Qf2 Nd3+ 38. Qg3 f4 39. Qg4 f3+
40. g3 fxe2 41. Qxe2 Nc5 0-1

[Event "1516LLO"]
[Site "Mecklenburg-Vorpommern"]
[Date "2015.10.11"]
[Round "2.5"]
[White "Springer, Guido"]
[Black "Grehl, Tino"]
[Result "1-0"]
[WhiteElo "1743"]
[BlackElo "1822"]
[PlyCount "65"]
[EventType "team-tourn"]
[EventRounds "9"]
[EventCountry "GER"]
[SourceDate "2015.09.20"]
[WhiteTeam "SV Gryps"]
[BlackTeam "Greifswalder SV II "]
[WhiteTeamCountry "GER"]
[BlackTeamCountry "GER"]

1. e4 c5 2. Nf3 Nc6 3. d4 cxd4 4. Nxd4 Nf6 5. Nc3 d6 6. Bc4 e6 7. Be3 Be7 8.
Qe2 a6 9. Bb3 Qc7 10. O-O-O O-O 11. g4 Na5 12. Kb1 Nxb3 13. axb3 b5 14. g5 Nd7
15. h4 Bb7 16. Rhg1 Nc5 17. f3 b4 18. Na4 Rac8 19. Qg2 Nxa4 20. bxa4 d5 21. h5
dxe4 22. g6 hxg6 23. hxg6 Qe5 24. Qh3 fxg6 25. f4 Qf6 26. Nxe6 Qf5 27. Qxf5
Rxf5 28. Rd7 Kf7 29. Ng5+ Rxg5 30. Rxg5 Bc6 31. Ra7 Bxa4 32. Re5 Bxc2+ 33. Ka1
1-0

[Event "1516LLO"]
[Site "Mecklenburg-Vorpommern"]
[Date "2015.10.11"]
[Round "2.6"]
[White "Fasold, Gunnar"]
[Black "Hollatz, Michael"]
[Result "0-1"]
[WhiteElo "1629"]
[BlackElo "1767"]
[PlyCount "60"]
[EventType "team-tourn"]
[EventRounds "9"]
[EventCountry "GER"]
[SourceDate "2015.09.20"]
[WhiteTeam "Greifswalder SV II "]
[BlackTeam "SV Gryps"]
[WhiteTeamCountry "GER"]
[BlackTeamCountry "GER"]

1. d4 d5 2. c4 c6 3. Nc3 Nf6 4. cxd5 cxd5 5. Nf3 e6 6. Bg5 h6 7. Bh4 Nbd7 8. e3
Qa5 9. Nd2 Bb4 10. Qc2 a6 11. Bd3 O-O 12. O-O Bd6 13. f4 Ng4 14. Bf2 f5 15. h3
Nxf2 16. Rxf2 Nf6 17. Nf3 Bd7 18. Qe2 Rac8 19. Qd1 Qb6 20. a3 Rc7 21. Rc2 Rfc8
22. Qd2 Qb3 23. Rac1 Ne4 24. Bxe4 dxe4 25. Ne1 Be7 26. g3 Kf7 27. Nd1 Rxc2 28.
Rxc2 Rxc2 29. Qxc2 Qxc2 30. Nxc2 Ba4 0-1

[Event "1516LLO"]
[Site "Mecklenburg-Vorpommern"]
[Date "2015.10.11"]
[Round "2.7"]
[White "Matzek Lichtenstein, Franz David"]
[Black "Kriese, Ralf"]
[Result "1/2-1/2"]
[WhiteElo "1651"]
[BlackElo "1629"]
[PlyCount "264"]
[EventType "team-tourn"]
[EventRounds "9"]
[EventCountry "GER"]
[SourceDate "2015.09.20"]
[WhiteTeam "SV Gryps"]
[BlackTeam "Greifswalder SV II "]
[WhiteTeamCountry "GER"]
[BlackTeamCountry "GER"]

1. c4 e5 2. g3 Nf6 3. Bg2 Bc5 4. Nc3 O-O 5. a3 a6 6. e3 Nc6 7. Nge2 Rb8 8. b4
Bb6 9. O-O d6 10. d3 Ne7 11. e4 Bg4 12. h3 Bd7 13. Kh2 Nc6 14. Nd5 Bd4 15. Rb1
Ne8 16. b5 axb5 17. cxb5 Na7 18. Nxd4 exd4 19. b6 cxb6 20. Nxb6 Be6 21. Qa4 Nc6
22. f4 f6 23. Bd2 Nc7 24. Qd1 Na6 25. Qh5 Nc5 26. Rf3 Qe7 27. Nd5 Qf7 28. Qxf7+
Bxf7 29. Nb4 Ra8 30. Bc1 Na4 31. Nc2 Rfb8 32. Bb2 Nxb2 33. Rxb2 Kf8 34. Rf1 Ke7
35. Rfb1 Ra7 36. e5 d5 37. exf6+ gxf6 38. Rb5 Kd6 39. g4 Be6 40. Kg3 h6 41. Kh4
Bf7 42. Bf3 Be6 43. Kh5 Bf7+ 44. Kxh6 b6 45. Rxb6 Rh8+ 46. Kg7 Rg8+ 47. Kh7
Be6+ 48. Rb7 Raa8 49. Rg7 Rh8+ 50. Kg6 Rxh3 51. Ne1 Rf8 52. Rb5 Ne7+ 53. Rxe7
Kxe7 54. Rb7+ Kd6 55. Rb6+ Kd7 56. Rb7+ Kc6 57. Rg7 Rg3 58. f5 Bd7 59. Bxd5+
Kd6 60. Bf7 Rxg4+ 61. Kxf6 Rxg7 62. Kxg7 Ra8 63. f6 Rxa3 64. Bc4 Ra8 65. f7 Ke7
66. Nf3 Bh3 67. Nxd4 Bd7 68. Nf3 Rf8 69. Ne5 Rxf7+ 70. Bxf7 Bf5 71. d4 Bh3 72.
Ng6+ Kd6 73. Kf6 Bg2 74. Nf4 Be4 75. Bg6 Bb7 76. Bf7 Be4 77. Ne2 Bf3 78. Nc3
Bc6 79. Bg6 Bg2 80. Kg5 Bf3 81. Kf4 Bb7 82. Be4 Ba6 83. Ke3 Bc4 84. Bd3 Bf7 85.
Be4 Bc4 86. d5 Bxd5 87. Bxd5 Ke5 88. Be4 Ke6 89. Kf4 Kd6 90. Nd5 Kc5 91. Ke5
Kc4 92. Ne3+ Kc3 93. Kd5 Kb3 94. Kd4 Kb4 95. Bd3 Kb3 96. Nd5 Kb2 97. Bc4 Kc2
98. Ke3 Kb2 99. Kd3 Kc1 100. Kc3 Kd1 101. Kd3 Ke1 102. Ke3 Kd1 103. Nb4 Kc1
104. Nd3+ Kc2 105. Kd4 Kd2 106. Nb4 Ke1 107. Ke3 Kd1 108. Ba2 Kc1 109. Kd3 Kb2
110. Kc4 Ka1 111. Bb3 Kb2 112. Nd3+ Kb1 113. Kc3 Ka1 114. Bc2 Ka2 115. Nc5 Ka1
116. Nb3+ Ka2 117. Be4 Ka3 118. Bb1 Ka4 119. Nd4 Ka5 120. Bc2 Kb6 121. Kc4 Kc7
122. Kd5 Kd7 123. Nf5 Ke8 124. Ke6 Kf8 125. Kf6 Kg8 126. Nd6 Kh8 127. Nf7+ Kg8
128. Be4 Kf8 129. Bh7 Ke8 130. Ke6 Kf8 131. Kf6 Ke8 132. Be4 Kf8 1/2-1/2

[Event "1516LLO"]
[Site "Mecklenburg-Vorpommern"]
[Date "2015.10.11"]
[Round "2.8"]
[White "Dombrowski, Frank"]
[Black "Gruner, Martin"]
[Result "1-0"]
[WhiteElo "1988"]
[BlackElo "1418"]
[PlyCount "117"]
[EventType "team-tourn"]
[EventRounds "9"]
[EventCountry "GER"]
[SourceDate "2015.09.20"]
[WhiteTeam "Greifswalder SV II "]
[BlackTeam "SV Gryps"]
[WhiteTeamCountry "GER"]
[BlackTeamCountry "GER"]

1. c3 d5 2. d4 Bf5 3. Bf4 e6 4. Nf3 Bd6 5. Bxd6 Qxd6 6. e3 Nf6 7. Nbd2 Nbd7 8.
a3 h6 9. c4 c5 10. Be2 O-O 11. Rc1 Rfc8 12. O-O Rc7 13. dxc5 Nxc5 14. b4 Nce4
15. c5 Qd7 16. Ne5 Qe8 17. Ndf3 Ng4 18. Nxg4 Bxg4 19. h3 Bh5 20. g4 Bg6 21. Bd3
Rac8 22. Nd4 a6 23. f3 Nd6 24. Be2 b5 25. f4 Nc4 26. Bxc4 dxc4 27. Qf3 Qd7 28.
Rfd1 Bd3 29. Nc2 Qd5 30. Qxd5 exd5 31. Nd4 Re8 32. Kf2 Re4 33. Nf3 f6 34. Ne1
Bf1 35. Kxf1 Rxe3 36. Nc2 Rxh3 37. Kg2 Rc3 38. Rxd5 Re7 39. Kf2 Kf7 40. f5 Re4
41. c6 Re7 42. Rd6 Rc7 43. Ke2 Ke7 44. Re6+ Kf7 45. Re3 Rxe3+ 46. Kxe3 Rxc6 47.
Nd4 Rd6 48. Ke4 Ke8 49. Rc3 Kf7 50. Ne2 Rd7 51. Nf4 Rd1 52. Nd5 Rd2 53. Nc7 Rd6
54. Nd5 Rd7 55. Re3 Ra7 56. Kd4 g6 57. Kc5 gxf5 58. gxf5 Rb7 59. Re6 1-0

[Event "1516LLO"]
[Site "Mecklenburg-Vorpommern"]
[Date "2015.10.11"]
[Round "2.1"]
[White "Manke, Karsten"]
[Black "Luethke, Hans Eckart"]
[Result "0-1"]
[WhiteElo "1762"]
[BlackElo "2122"]
[PlyCount "58"]
[EventType "team-tourn"]
[EventRounds "9"]
[EventCountry "GER"]
[SourceDate "2015.09.20"]
[WhiteTeam "FHSG Stralsund II"]
[BlackTeam "SSC Graal-Mueritz"]
[WhiteTeamCountry "GER"]
[BlackTeamCountry "GER"]

1. e4 c6 2. d4 g6 3. Nf3 Bg7 4. c3 d6 5. Bd3 Nf6 6. h3 Qc7 7. Be3 Nbd7 8. Nbd2
O-O 9. Nf1 e5 10. dxe5 dxe5 11. Ng3 Rd8 12. Qc2 b5 13. O-O Nb6 14. Rfd1 h6 15.
Qc1 Kh7 16. b3 Bf8 17. Nh4 Bb7 18. Qc2 Nbd7 19. c4 b4 20. c5 a5 21. a4 Bg7 22.
Nf3 Nf8 23. Bc4 Qe7 24. Be2 N6d7 25. Rac1 Ne6 26. Ne1 Nd4 27. Bxd4 exd4 28. Nd3
Ba6 29. f4 Qh4 0-1

[Event "1516LLO"]
[Site "Mecklenburg-Vorpommern"]
[Date "2015.10.11"]
[Round "2.2"]
[White "Van Bentum, Horst"]
[Black "Paulowitz, Bernd Rainer"]
[Result "1-0"]
[WhiteElo "1925"]
[BlackElo "1887"]
[PlyCount "53"]
[EventType "team-tourn"]
[EventRounds "9"]
[EventCountry "GER"]
[SourceDate "2015.09.20"]
[WhiteTeam "SSC Graal-Mueritz"]
[BlackTeam "FHSG Stralsund II"]
[WhiteTeamCountry "GER"]
[BlackTeamCountry "GER"]

1. e4 e6 2. d4 d5 3. Nd2 Nf6 4. e5 Nfd7 5. Bd3 c5 6. c3 Nc6 7. Ne2 Be7 8. Nf3
c4 9. Bc2 b5 10. a3 a5 11. O-O a4 12. Be3 Nf8 13. Rc1 Kd7 14. Nd2 Kc7 15. f4 g6
16. Nf3 h5 17. Ng5 Qe8 18. Qe1 f6 19. exf6 Bxf6 20. Nf3 Ne7 21. Ne5 Nf5 22. Bf2
Kb6 23. Ng3 Qd8 24. Nxf5 gxf5 25. Nf7 Qe8 26. Nxh8 Bxh8 27. Bxf5 1-0

[Event "1516LLO"]
[Site "Mecklenburg-Vorpommern"]
[Date "2015.10.11"]
[Round "2.4"]
[White "Micheel, Peter"]
[Black "Vlach, Michael"]
[Result "1-0"]
[WhiteElo "1759"]
[BlackElo "1613"]
[PlyCount "81"]
[EventType "team-tourn"]
[EventRounds "9"]
[EventCountry "GER"]
[SourceDate "2015.09.20"]
[WhiteTeam "SSC Graal-Mueritz"]
[BlackTeam "FHSG Stralsund II"]
[WhiteTeamCountry "GER"]
[BlackTeamCountry "GER"]

1. e4 e6 2. d4 d5 3. exd5 exd5 4. Bd3 Nf6 5. Nf3 Bd6 6. O-O O-O 7. Bg5 Bg4 8.
Nc3 c6 9. h3 Bh5 10. g4 Bg6 11. Ne5 Bxd3 12. Qxd3 Nbd7 13. Nxd7 Qxd7 14. Bxf6
gxf6 15. Rae1 Rae8 16. Re2 Re7 17. Qf3 Kg7 18. Rfe1 Rfe8 19. Nd1 Rxe2 20. Rxe2
Rxe2 21. Qxe2 Bf4 22. Ne3 Qe6 23. Nf5+ Kg6 24. Kf1 Qe4 25. f3 Qe6 26. Qd3 Kg5
27. h4+ Kg6 28. Nd6+ Kg7 29. Nxb7 Bg3 30. Qe2 Qc8 31. Nc5 Bxh4 32. Qe7 h5 33.
Qd7 Qxd7 34. Nxd7 Bg3 35. gxh5 Bf4 36. Ke2 Bd6 37. Kd3 f5 38. c4 dxc4+ 39. Kxc4
Kh6 40. Ne5 Kxh5 41. Nxf7 1-0

[Event "1516LLO"]
[Site "Mecklenburg-Vorpommern"]
[Date "2015.10.11"]
[Round "2.5"]
[White "Jabbusch, Burkhard"]
[Black "Poppe, Thomas"]
[Result "0-1"]
[WhiteElo "1688"]
[BlackElo "1670"]
[PlyCount "42"]
[EventType "team-tourn"]
[EventRounds "9"]
[EventCountry "GER"]
[SourceDate "2015.09.20"]
[WhiteTeam "FHSG Stralsund II"]
[BlackTeam "SSC Graal-Mueritz"]
[WhiteTeamCountry "GER"]
[BlackTeamCountry "GER"]

1. d4 d5 2. c4 e6 3. Nf3 Nf6 4. Nc3 c6 5. e3 dxc4 6. Bxc4 b5 7. Bd3 Bb7 8. e4
a6 9. e5 Nd5 10. O-O c5 11. Bg5 Qb6 12. Ne4 cxd4 13. Nxd4 Nd7 14. Nf3 Be7 15.
Bxe7 Kxe7 16. Qd2 h6 17. Rac1 Rag8 18. Rc2 g5 19. g4 Nf4 20. Ne1 Nxe5 21. Ng2
Nf3+ 0-1

[Event "1516LLO"]
[Site "Mecklenburg-Vorpommern"]
[Date "2015.10.11"]
[Round "2.6"]
[White "Schumann, Lutz"]
[Black "Klinger, Clemens"]
[Result "1-0"]
[WhiteElo "1661"]
[BlackElo "1550"]
[PlyCount "55"]
[EventType "team-tourn"]
[EventRounds "9"]
[EventCountry "GER"]
[SourceDate "2015.09.20"]
[WhiteTeam "SSC Graal-Mueritz"]
[BlackTeam "FHSG Stralsund II"]
[WhiteTeamCountry "GER"]
[BlackTeamCountry "GER"]

1. c4 e5 2. Nc3 Nf6 3. g3 d5 4. cxd5 Nxd5 5. Bg2 Nxc3 6. bxc3 Nc6 7. Qb3 Be7 8.
d3 O-O 9. Nf3 Rb8 10. O-O Be6 11. Qc2 Qd7 12. Rd1 Bf5 13. Bb2 Bf6 14. Nd2 Be7
15. Nc4 Bh3 16. Bh1 f5 17. d4 exd4 18. cxd4 f4 19. d5 fxg3 20. hxg3 Nb4 21. Qc3
Bc5 22. Bf3 h5 23. Ne5 Qd6 24. a3 Na6 25. Rac1 h4 26. g4 Rf4 27. Nd3 Rxf3 28.
Qxg7# 1-0

[Event "1516LLO"]
[Site "Mecklenburg-Vorpommern"]
[Date "2015.10.11"]
[Round "2.7"]
[White "Loesche, Richard"]
[Black "Hausmann, Ulrich"]
[Result "1/2-1/2"]
[WhiteElo "1572"]
[BlackElo "1653"]
[PlyCount "89"]
[EventType "team-tourn"]
[EventRounds "9"]
[EventCountry "GER"]
[SourceDate "2015.09.20"]
[WhiteTeam "FHSG Stralsund II"]
[BlackTeam "SSC Graal-Mueritz"]
[WhiteTeamCountry "GER"]
[BlackTeamCountry "GER"]

1. e4 d6 2. Nc3 e6 3. d4 Nc6 4. g3 Bd7 5. Bg2 e5 6. Nf3 Nf6 7. d5 Ne7 8. Bg5
Ng6 9. Nh4 Be7 10. Nxg6 hxg6 11. Be3 Qc8 12. f3 Bh3 13. Qe2 Bxg2 14. Qxg2 b6
15. Qe2 Qd7 16. O-O-O a6 17. g4 b5 18. a3 Rb8 19. Na2 c5 20. dxc6 Qxc6 21. Qd2
Qc7 22. Nb4 Ra8 23. g5 Nd7 24. Nd5 Qc6 25. Nxe7 Kxe7 26. b3 Rac8 27. Kb2 Rhd8
28. Qf2 Qc3+ 29. Kb1 Rc6 30. Rd3 Qa5 31. Kb2 Rdc8 32. Rc1 Qc7 33. Qd2 a5 34. c3
a4 35. b4 Ra6 36. Rd5 Qc4 37. Qc2 Qc6 38. Qd3 Nb6 39. Bxb6 Rxb6 40. Rc2 Qd7 41.
Rd2 Qc6 42. Qc2 Qc4 43. R2d3 Rd8 44. Qd1 Qc8 45. Qg1 1/2-1/2

[Event "1516LLO"]
[Site "Mecklenburg-Vorpommern"]
[Date "2015.10.11"]
[Round "2.8"]
[White "Rath, Wolfgang"]
[Black "Boettner, Oliver"]
[Result "0-1"]
[WhiteElo "1620"]
[BlackElo "1327"]
[PlyCount "110"]
[EventType "team-tourn"]
[EventRounds "9"]
[EventCountry "GER"]
[SourceDate "2015.09.20"]
[WhiteTeam "SSC Graal-Mueritz"]
[BlackTeam "FHSG Stralsund II"]
[WhiteTeamCountry "GER"]
[BlackTeamCountry "GER"]

1. e4 e5 2. Bc4 Nf6 3. d3 d6 4. Nc3 Nc6 5. Be3 Be7 6. h3 Na5 7. Bb3 c5 8. Qd2
a6 9. Nd5 Be6 10. Nxe7 Nxb3 11. axb3 Qxe7 12. Nf3 b5 13. O-O O-O 14. Ra5 Qb7
15. Rfa1 Ne8 16. Ng5 Bd7 17. f4 f5 18. exf5 exf4 19. Bxf4 Bxf5 20. Qe3 Qc6 21.
Bh2 Nc7 22. Qg3 Rf6 23. Rf1 h6 24. Ne4 Rg6 25. Qf4 Bxh3 26. Rf2 Ne8 27. Qf3 Bd7
28. Ra1 d5 29. Qf7+ Kh7 30. Nxc5 Bh3 31. d4 Nf6 32. Nd3 Re8 33. Ne5 Rxe5 34.
Bxe5 Ng4 35. Raf1 Nxf2 36. Rxf2 Qe6 37. Qxe6 Bxe6 38. Rf8 Bh3 39. g3 Rg5 40.
Ra8 Rg6 41. Rd8 Bf5 42. c3 Be4 43. Kf2 Rg5 44. Rd7 Kg8 45. Rd8+ Kh7 46. Rd7 Rh5
47. Kg1 Rh1+ 48. Kf2 Rh2+ 49. Ke3 h5 50. Rxg7+ Kh6 51. Rg8 Rxb2 52. Rh8+ Kg6
53. Rg8+ Kf7 54. Rg7+ Ke6 55. Rg6+ Bxg6 0-1

[Event "1516LLO"]
[Site "Mecklenburg-Vorpommern"]
[Date "2015.10.11"]
[Round "2.1"]
[White "Patzenhauer, Max"]
[Black "Jeske, Holger"]
[Result "1/2-1/2"]
[WhiteElo "1919"]
[BlackElo "1870"]
[PlyCount "59"]
[EventType "team-tourn"]
[EventRounds "9"]
[EventCountry "GER"]
[SourceDate "2015.09.20"]
[WhiteTeam "SV Motor Wolgast"]
[BlackTeam "SSC Rostock 07 III"]
[WhiteTeamCountry "GER"]
[BlackTeamCountry "GER"]

1. d4 f5 2. c4 Nf6 3. Nc3 g6 4. Nf3 Bg7 5. Bf4 d6 6. Qd2 O-O 7. Bh6 c6 8. Bxg7
Kxg7 9. e3 Ne4 10. Qc2 Na6 11. a3 Qa5 12. Rc1 e5 13. dxe5 dxe5 14. Be2 Nxc3 15.
Qxc3 Qxc3+ 16. Rxc3 Kf6 17. O-O Be6 18. Rd1 Rad8 19. Rcc1 c5 20. Kf1 e4 21. Nd2
Rd7 22. Nb1 Rfd8 23. Nc3 Nc7 24. Ke1 b6 25. Rxd7 Rxd7 26. Rd1 g5 27. b3 Ke5 28.
Rxd7 Bxd7 29. Kd2 f4 30. Bh5 1/2-1/2

[Event "1516LLO"]
[Site "Mecklenburg-Vorpommern"]
[Date "2015.10.11"]
[Round "2.2"]
[White "Schumann, Harald"]
[Black "Reinke, Thomas"]
[Result "1-0"]
[WhiteElo "1937"]
[BlackElo "1886"]
[PlyCount "52"]
[EventType "team-tourn"]
[EventRounds "9"]
[EventCountry "GER"]
[SourceDate "2015.09.20"]
[WhiteTeam "SSC Rostock 07 III"]
[BlackTeam "SV Motor Wolgast"]
[WhiteTeamCountry "GER"]
[BlackTeamCountry "GER"]

1. e4 e6 2. Qe2 d5 3. exd5 Qxd5 4. Nc3 Qd8 5. g3 Nf6 6. Bg2 Be7 7. Nf3 Nbd7 8.
O-O O-O 9. b3 Nb6 10. Bb2 c5 11. d3 Nbd5 12. Ne4 b6 13. Ne5 Ba6 14. Nc6 Qc7 15.
Nxe7+ Qxe7 16. c4 Nxe4 17. Bxe4 Rae8 18. cxd5 exd5 19. Qg4 g6 20. Bxd5 Bxd3 21.
Qf4 Bxf1 22. Qh6 Qe5 23. Bxe5 Rxe5 24. Bxf7+ Rxf7 25. Rxf1 Rd7 26. Qc1 Re2 1-0

[Event "1516LLO"]
[Site "Mecklenburg-Vorpommern"]
[Date "2015.10.11"]
[Round "2.3"]
[White "Schubert, Volker"]
[Black "Maertin, Heinz"]
[Result "1/2-1/2"]
[WhiteElo "1958"]
[BlackElo "1732"]
[PlyCount "28"]
[EventType "team-tourn"]
[EventRounds "9"]
[EventCountry "GER"]
[SourceDate "2015.09.20"]
[WhiteTeam "SV Motor Wolgast"]
[BlackTeam "SSC Rostock 07 III"]
[WhiteTeamCountry "GER"]
[BlackTeamCountry "GER"]

1. d4 Nf6 2. c4 d6 3. Nc3 Nbd7 4. Nf3 e5 5. e3 Be7 6. Be2 c6 7. Qc2 O-O 8. O-O
Qc7 9. b3 Re8 10. Bb2 Bf8 11. Bd3 g6 12. g3 Bg7 13. Rfe1 Nf8 14. dxe5 dxe5
1/2-1/2

[Event "1516LLO"]
[Site "Mecklenburg-Vorpommern"]
[Date "2015.10.11"]
[Round "2.4"]
[White "Moritz, Hartmut"]
[Black "Riebort, Frank"]
[Result "1/2-1/2"]
[WhiteElo "1852"]
[BlackElo "1884"]
[PlyCount "111"]
[EventType "team-tourn"]
[EventRounds "9"]
[EventCountry "GER"]
[SourceDate "2015.09.20"]
[WhiteTeam "SSC Rostock 07 III"]
[BlackTeam "SV Motor Wolgast"]
[WhiteTeamCountry "GER"]
[BlackTeamCountry "GER"]

1. e4 e5 2. Nf3 Nf6 3. d4 Nxe4 4. Bd3 d5 5. Nxe5 Bd6 6. O-O O-O 7. Nd2 Bxe5 8.
dxe5 Nc6 9. Nxe4 dxe4 10. Bxe4 Qxd1 11. Rxd1 Nxe5 12. Bf4 f6 13. Rd5 c6 14. Rd4
Be6 15. Rad1 g6 16. Kf1 Kf7 17. Rb4 Rab8 18. Ra4 a6 19. b3 Rbd8 20. Rad4 Rxd4
21. Rxd4 Ke7 22. Rb4 Bc8 23. Rd4 Rd8 24. c3 Nf7 25. Ke2 f5 26. Bd3 Rxd4 27.
cxd4 b5 28. Kd2 Ke6 29. Kc3 Kd5 30. Be2 Bd7 31. Bf3+ Ke6 32. Kb4 g5 33. Bc7 g4
34. Be2 Kd5 35. Bb6 Ng5 36. Ka5 Ne4 37. f3 Nc3 38. Bd3 gxf3 39. gxf3 Nxa2 40.
Bc5 Nc1 41. Bc2 Ne2 42. b4 Nxd4 43. Bd1 f4 44. Kxa6 Bf5 45. Kb6 Bc2 46. Bxd4
Bxd1 47. Bg7 Bxf3 48. Bh6 Ke5 49. Bg7+ Kf5 50. Kc5 Kg4 51. Kd4 Bd5 52. Be5 Kf5
53. Bd6 Kg4 54. Kd3 Kf3 55. Kd2 Bc4 56. Ke1 1/2-1/2

[Event "1516LLO"]
[Site "Mecklenburg-Vorpommern"]
[Date "2015.10.11"]
[Round "2.5"]
[White "Rosin, Ralf"]
[Black "Menkhaus, Wolf Dieter"]
[Result "1-0"]
[WhiteElo "1730"]
[BlackElo "1828"]
[PlyCount "57"]
[EventType "team-tourn"]
[EventRounds "9"]
[EventCountry "GER"]
[SourceDate "2015.09.20"]
[WhiteTeam "SV Motor Wolgast"]
[BlackTeam "SSC Rostock 07 III"]
[WhiteTeamCountry "GER"]
[BlackTeamCountry "GER"]

1. d4 Nf6 2. Nf3 e6 3. c4 d5 4. e3 c6 5. Nc3 Be7 6. Qc2 Nbd7 7. cxd5 exd5 8.
Bd3 O-O 9. O-O Re8 10. Re1 Nf8 11. e4 dxe4 12. Nxe4 Nxe4 13. Bxe4 Be6 14. Bd2
Bf6 15. Bc3 Ng6 16. Ne5 Qb6 17. Bf5 Rad8 18. Bxe6 Rxe6 19. Rad1 Rd5 20. Nf3
Rxe1+ 21. Rxe1 Qd8 22. Qe4 h6 23. g3 Ne7 24. Ne5 Nc8 25. Qc2 Nd6 26. Qb3 Qc7
27. f4 b6 28. Nf3 c5 29. Qxd5 1-0